| 000 | 00672nam a2200253Ia 4500 | ||
|---|---|---|---|
| 003 | OSt | ||
| 005 | 20220925220954.0 | ||
| 006 | a|||||r|||| 00| 0 | ||
| 007 | ta | ||
| 008 | 220923b |||||||| |||| 00| 0 eng d | ||
| 020 | _a333 13652 7 | ||
| 037 | _cGeneral Book | ||
| 040 |
_aRTL _cRTL _beng |
||
| 041 |
_2eng _aeng |
||
| 082 | _aU287, L3 | ||
| 100 |
_aDerbyshire Edward Ed. _9285655 |
||
| 245 | 0 | _aClimatic geomorphology | |
| 260 |
_aLondon _bMacmillan U K _c1973 |
||
| 300 |
_a296p _ccm. |
||
| 490 | _aGeographical Readings | ||
| 650 | _aOceanography | ||
| 942 |
_hU287, L3 _cGB _2CC |
||
| 999 |
_c573005 _d573005 |
||